[Event "5th Vergani Cup January 2021"]
[Site "Bassano del Grappa"]
[Date "2021.01.06"]
[Round "7.4"]
[White "Niemann, Hans Moke"]
[Black "Bernadskiy, Vitaliy"]
[Result "1-0"]
[WhiteElo "2472"]
[BlackElo "2619"]
[Annotator "TA"]
[PlyCount "97"]
[EventDate "2021.01.03"]
[EventType "swiss"]
[EventCountry "ITA"]
[SourceTitle "playchess.com"]
[Source "ChessBase"]
[SourceQuality "1"]

{[%evp 9,97,23,16,0,4,-8,-14,-6,8,0,19,22,10,0,0,0,0,0,36,21,24,24,39,30,28,28,21,36,44,36,44,38,34,45,43,43,79,57,58,49,58,62,62,62,68,66,63,64,39,34,68,20,67,0,0,0,0,0,4,4,656,639,445,180,178,147,29985,29986,29986,29987,29987,29987,29987,29988,29988,29958,29956,29956,29951,29951,29951,29952,29946,29939,12845,12727,8090,7790,5733,4758]} 1. d4 e6 2. c4 Bb4+ 3. Bd2 a5 4. e4 d5 5. cxd5 exd5 6. e5 {A40: Unusual replies to 1 d4.} c5 7. Nf3 Nc6 8. Bxb4 {The position is equal.} axb4 9. dxc5 {[#]} Bg4 $146 ({Predecessor:} 9... Nge7 10. Nbd2 Ng6 11. Bb5 O-O 12. Bxc6 bxc6 13. O-O f6 14. e6 Bxe6 15. h3 Re8 {0-1 (35) Leniart,A (2489)-Bernadskiy,V (2586) Suwalki 2018}) 10. Nbd2 Nge7 11. Be2 O-O 12. O-O Ng6 13. Re1 f6 14. e6 Nf4 15. Nb3 Re8 16. Qd2 Nxe6 17. h3 Bh5 18. Nfd4 Nexd4 19. Bxh5 Re4 20. Rad1 {Threatens to win with Rxe4.} Nxb3 21. axb3 Rxe1+ 22. Qxe1 Qd7 23. Bg4 f5 24. Bf3 d4 25. Bxc6 bxc6 26. Qxb4 $14 {[%mdl 4096] Endgame KQR-KQR} Rd8 27. Qc4+ Kf8 28. Qd3 Qd5 29. b4 g6 30. Qa6 Qb3 31. Ra1 (31. Rf1 $14 Qd5 32. b5 Qxc5 33. bxc6 (33. Qxc6 Qxc6 34. bxc6 Rc8 $16)) 31... Qxb2 $11 {Threatening ...d3.} 32. Rd1 Qb3 33. Ra1 d3 {White must now prevent ...d2.} 34. Qxc6 d2 $2 {[%mdl 8192]} (34... Qc3 $11 35. Rd1 d2) 35. Qf6+ $18 {[%mdl 64] Double Attack} Ke8 36. Qe5+ $40 {[%mdl 128] Black is in trouble.} (36. Qh8+ $142 Kd7 37. Qxh7+ {[%mdl 64] Double Attack} Ke8 38. Qh8+ Kd7 39. Qd4+ Ke8 40. Qh8+ Kd7 41. c6+ Ke7 42. Qe5+ Kf8 43. c7 d1=R+ 44. Kh2) 36... Kf8 {[#]} 37. Qh8+ $1 Ke7 $2 {[%mdl 8192] This move loses the game for Black.} (37... Qg8 $16 38. Qxg8+ (38. Qf6+ Ke8 $11) 38... Kxg8) 38. Ra7+ Ke6 39. Ra6+ Ke7 40. Qxh7+ Ke8 41. Qh8+ Ke7 42. Qf6+ Ke8 43. Re6+ Qxe6 44. Qxe6+ {KQ-KR} Kf8 45. Qf6+ {[%mdl 64] [#] Double Attack} Ke8 46. Qxg6+ Kd7 47. Qh5 {White is clearly winning.} ({And not} 47. Qd6+ Kc8 $11) 47... Kc6 48. Qd1 ({Worse is} 48. Qh6+ Kb7 $11) 48... Kb5 49. Kf1 {Weighted Error Value: White=0.14/Black=0.37} 1-0

[Event "5th Vergani Cup January 2021"]
[Site "Bassano del Grappa"]
[Date "2021.01.06"]
[Round "7.5"]
[White "Mendonca, Leon Luke"]
[Black "Checa, Nicolas"]
[Result "1/2-1/2"]
[WhiteElo "2516"]
[BlackElo "2527"]
[Annotator "TA"]
[PlyCount "70"]
[EventDate "2021.01.03"]
[EventType "swiss"]
[EventCountry "ITA"]
[SourceTitle "playchess.com"]
[Source "ChessBase"]
[SourceQuality "1"]

{[%evp 12,70,-7,-7,9,-18,-15,-6,0,-42,0,-4,0,-2,258,254,296,311,309,304,335,321,338,216,214,206,201,184,144,139,387,364,465,336,336,246,247,191,445,296,404,436,620,622,516,385,842,366,544,242,331,298,310,0,0,0,0,0,0,0,0]} 1. d4 d5 2. c4 c6 3. Nf3 Nf6 4. g3 dxc4 5. Bg2 b5 6. Ne5 Bb7 7. Nc3 a6 {D15: Slav Defence: 4 Nc3 a6 and gambit lines after 4 Nc3 dxc4.} 8. O-O e6 9. b3 {The main line 9.b3 scores better than 9.a4.} cxb3 10. Qxb3 Be7 11. Bb2 Qc7 {[#]} 12. Ne4 $146 {Threatens to win with Nxf7.} ({Predecessor:} 12. Rac1 Nbd7 13. Nd3 O-O 14. e4 c5 15. dxc5 Nxc5 16. Nxc5 Bxc5 17. Ne2 Rfc8 18. Bxf6 gxf6 {0-1 (37) Bletz,H (2291)-Wahedi,A (2209) Germany 2004}) 12... Nbd7 $2 {[%mdl 8192] [#]} (12... O-O $11 {and Black is okay.}) 13. Nxf7 $1 $18 {[%mdl 512]} Kxf7 (13... O-O 14. Nfg5) 14. Ng5+ Ke8 {Black wants to play ...Nf8.} 15. Nxe6 (15. Qxe6 Rf8 $11) 15... Qd6 16. Nxg7+ Kd8 17. e4 {Strongly threatening e5.} Qb4 18. Qc2 {[%mdl 1024] White has strong compensation.} Qc4 19. Qd2 {d5! is the strong threat.} Bb4 20. Qf4 {Hoping for d5.} Rg8 $2 {[#]} (20... Qg8 $16) 21. d5 $1 Bc3 (21... Nxd5 22. Ne6+) 22. Rac1 b4 ({Don't go for} 22... Rxg7 $2 23. Bxc3 Nxd5 24. Qh4+ (24. Bxg7 Nxf4 25. Rxc4 Ne2+ 26. Kh1 bxc4 $16) 24... Ne7 25. Ba5+ Ke8 26. Rxc4 $18) 23. Bxc3 bxc3 24. Nf5 Nxd5 $2 (24... Rg4 25. Qd6 Qc5) 25. Qh4+ ({Not} 25. exd5 Qxf4 26. gxf4 cxd5 $16) 25... N5f6 26. Rfd1 Qe6 (26... Rf8 $142 27. Nd6 Qa4 28. Nxb7+ Kc7) 27. Bh3 Kc7 28. Nd6 Qe5 (28... Rg4 29. Bxg4 Nxg4 30. Rxc3 c5) 29. Bxd7 (29. Nf7 $142 Qc5 30. Qf4+ Kb6 31. Bxd7) 29... Nxd7 (29... Qg5 $142 30. Qxg5 Rxg5) 30. Nxb7 (30. Nf7 $142 Qe6 {[%mdl 64] Double Attack} 31. Qf4+ Ne5 32. Nxe5) 30... Nf6 {[#]} 31. f4 $1 Qxe4 {aiming for ...Qe3+.} 32. Qxf6 $2 ({White has to play} 32. Rxc3 $18 Raf8 33. Nc5 {[%mdl 64] Double Attack}) 32... Qe3+ $11 {The position is equal.} 33. Kg2 Qe2+ {[%mdl 64] Double Attack} 34. Kg1 Qe3+ 35. Kg2 Qe2+ {[%mdl 64] Double Attack.  Weighted Error Value: White=0.61/Black=0.58} 1/2-1/2

[Event "5th Vergani Cup January 2021"]
[Site "Bassano del Grappa"]
[Date "2021.01.06"]
[Round "7.6"]
[White "Di Benedetto, Edoardo"]
[Black "Solomon, Kenny"]
[Result "1-0"]
[WhiteElo "2386"]
[BlackElo "2364"]
[Annotator "TA"]
[PlyCount "123"]
[EventDate "2021.01.03"]
[EventType "swiss"]
[EventCountry "ITA"]
[SourceTitle "playchess.com"]
[Source "ChessBase"]
[SourceQuality "1"]

{[%evp 15,123,-10,-9,-4,-14,-17,-6,-45,22,25,41,0,0,3,17,6,0,2,21,0,0,0,34,34,43,4,13,0,18,19,41,48,44,44,56,61,67,57,69,68,529,121,153,108,114,109,95,56,94,82,91,39,63,40,40,40,46,49,49,60,56,40,92,41,70,70,70,69,70,70,91,29,28,28,28,28,28,28,28,28,28,28,33,33,33,33,33,33,33,33,86,93,93,97,96,0,0,0,12838,12840,12722,12722,7798,7150,29979,29980,29980,29981,29981,29982]} 1. d4 Nf6 2. c4 e6 3. Nc3 Bb4 4. e3 O-O 5. Bd3 d5 6. cxd5 exd5 7. Nge2 Re8 8. O-O Bd6 9. Nf4 {E48: Nimzo-Indian: Rubinstein: 5 Bd3 d5 including 6 Ne2, but excluding 6 a3.} c6 10. f3 b6 {[#]} 11. g4 $146 {The position is equal.} ({Predecessor:} 11. Bc2 Bxf4 12. exf4 c5 13. Re1 Nc6 14. Rxe8+ Qxe8 15. Ba4 Bd7 16. Bxc6 Bxc6 17. Kf2 {0-1 (88) Di Benedetto,E (2396)-Smirnov,A (2585) Montebelluna 2019}) 11... Bxf4 (11... h6 $15) 12. exf4 $11 Ba6 13. f5 Bxd3 14. Qxd3 Qd6 15. Ne2 c5 16. Bf4 Qe7 17. Nc3 Nc6 18. Nb5 Nxd4 19. Nxd4 cxd4 20. Qxd4 Rac8 21. Rac1 Rxc1 22. Rxc1 Qe2 23. Rf1 Rc8 24. Rf2 Qe1+ 25. Kg2 $1 Re8 26. Bd2 Qb1 27. Bg5 Nd7 $2 {[%mdl 8192]} (27... Qe1 $14) 28. Qxd5 $2 (28. Qa4 $1 $18) 28... Nc5 29. Qc6 {[%cal Rc6e8]} Qe1 30. Bd2 Qe7 31. Bb4 (31. Qb5 {is interesting.} h5 32. h3 Rd8 33. Re2 Qd6 34. Re8+) 31... Rd8 32. Bxc5 bxc5 $16 {[%mdl 4096] Endgame KQR-KQR} 33. Qb5 (33. h3 $16) 33... h5 $14 34. Re2 Qg5 35. h3 Rd2 36. Qe8+ Kh7 37. Qe4 Rxe2+ 38. Qxe2 {KQ-KQ} Qf4 39. b3 (39. Qf2 $16) 39... Kh6 40. Qf2 Qe5 41. Qd2+ Kh7 42. Qc2 Kh6 43. gxh5 (43. Qc1+ $16 Kh7 44. Qd2) 43... Qd4 $11 44. Qe4 Qd2+ 45. Kg3 {Threatens to win with Qf4+.} Qxa2 46. Qe8 Qa1 $1 47. Qh8+ Kg5 {[%cal Ra1g1]} 48. h4+ Kxf5 49. Qc8+ {[%mdl 64] Double Attack} Kf6 50. Qc6+ Kf5 51. Qxc5+ Ke6 $1 52. Kf4 Qf6+ ({Better is} 52... a6 $1 $14) 53. Kg4 $16 {Black must now prevent Qc6+.} Qa1 54. Qc6+ Ke7 55. Kf4 (55. Qc7+ $1 $16 Ke6 56. Qc4+ Kf6 57. Qc5) 55... Qa5 $11 56. Qb7+ Kf8 $2 {[%mdl 8192] [#]} (56... Kf6 $11) 57. Qb8+ $1 $18 Ke7 {[#]} 58. Qe5+ $1 Qxe5+ 59. Kxe5 f6+ 60. Kf5 {White mates.} Kf7 61. b4 a6 62. f4 {Weighted Error Value: White=0.28/Black=0.35} 1-0

[Event "5th Vergani Cup January 2021"]
[Site "Bassano del Grappa"]
[Date "2021.01.06"]
[Round "7.7"]
[White "Beerdsen, Thomas"]
[Black "Horvath, Dominik"]
[Result "1-0"]
[WhiteElo "2479"]
[BlackElo "2446"]
[Annotator "TA"]
[PlyCount "100"]
[EventDate "2021.01.03"]
[EventType "swiss"]
[EventCountry "ITA"]
[SourceTitle "playchess.com"]
[Source "ChessBase"]
[SourceQuality "1"]

{[%evp 15,100,13,28,18,41,29,65,12,18,-26,-25,-36,-19,-30,-25,-36,-41,-100,53,54,55,58,57,43,95,101,89,92,92,90,94,94,95,86,100,103,95,97,90,32,62,45,109,102,108,103,116,107,102,98,102,52,64,66,42,62,41,57,43,45,231,231,236,219,296,302,314,301,307,293,269,262,293,278,872,823,6697,5185,29968,12847,29977,29979,29984,29977,29976,29977,29991]} 1. e4 c5 2. Nf3 d6 3. d4 cxd4 4. Nxd4 Nf6 5. Nc3 Nc6 6. Bc4 Qb6 7. Nb3 e6 8. Be3 {Recently 8.Bf4 got a lot of attention.} Qc7 9. g4 {[#] B57: Classical Sicilian: Sozin with 6...Qb6.} h5 $146 ({Predecessor:} 9... a6 10. g5 Nxe4 11. Nxe4 d5 12. Bd3 dxe4 13. Bxe4 Be7 14. f4 Bd7 15. Qf3 Nb4 16. c3 Nd5 17. Bxd5 exd5 {1-0 (73) Giaccio,A (2508)-Ramesh,R (2443) Andorra 2000}) 10. g5 Ng4 11. Bf4 (11. Bd2 $14) 11... a6 $11 12. h3 Nge5 13. Be2 b5 $1 14. a3 Bb7 15. Nd4 g6 16. Be3 (16. Nxc6 $15 Qxc6 17. Qd2) 16... Nc4 $2 ({Better is} 16... Na5 $1 $17 17. Nb3 Nac4) 17. Bxc4 $14 bxc4 18. Nxc6 Qxc6 19. Bd4 Rg8 (19... e5 $14) 20. Bf6 $16 Be7 21. Bxe7 Kxe7 22. Qd4 Rgd8 23. O-O-O e5 24. Qe3 Qc5 25. Qf3 Kf8 26. Qf6 Kg8 27. Nd5 (27. Rhe1 $16) 27... Bxd5 28. Rxd5 Qb6 {[#]} (28... Qc7 $14) 29. Rxe5 $1 {[%mdl 576] Pin} c3 {[#]} (29... Re8 30. Rxe8+) 30. b3 $40 {[%mdl 128] White goes for the king.} Re8 31. Rxe8+ Rxe8 32. Qxc3 Qxf2 {[%mdl 4096] Endgame KQR-KQR} 33. Kb1 Rxe4 34. Qc8+ Kg7 $1 35. Qxa6 Qg2 $1 {[%cal Rg2h1]} 36. Rd1 Qxh3 37. Qxd6 {Threatening mate with Qf6+.} Qf3 {Black cannot hold the game after this.} ({Black should play} 37... Qc3 $1 $14) 38. a4 $18 {[%cal Ba3a4,Ba4a5,Ba5a6][%mdl 32]} h4 39. a5 h3 {[#]} 40. Rd3 $1 {[%cal Rd3f3]} Qf5 {...Re1+ is the strong threat.} 41. Qf6+ $1 Qxf6 42. gxf6+ Kxf6 43. Rxh3 {KR-KR} g5 44. a6 Re8 $2 (44... g4 45. Rh8 g3) 45. b4 {[%cal Bb3b4,Bb4b5,Bb5b6,Bb6b7][%mdl 32]} g4 46. Ra3 Ra8 47. b5 Ke5 48. b6 {White mates.} g3 49. Rxg3 Rxa6 50. b7 Kd5 {Weighted Error Value: White=0.09/Black=0.49} 1-0

[Event "5th Vergani Cup January 2021"]
[Site "Bassano del Grappa"]
[Date "2021.01.06"]
[Round "7.8"]
[White "Krasteva, Beloslava"]
[Black "Muetsch, Annmarie"]
[Result "1/2-1/2"]
[WhiteElo "2315"]
[BlackElo "2236"]
[Annotator "TA"]
[PlyCount "26"]
[EventDate "2021.01.03"]
[EventType "swiss"]
[EventCountry "ITA"]
[SourceTitle "playchess.com"]
[Source "ChessBase"]
[SourceQuality "1"]

{[%evp 11,26,33,32,26,67,62,64,0,13,4,23,-35,-22,-27,552,496,1241]} 1. d4 Nf6 2. c4 g6 3. Nc3 Bg7 4. e4 d6 5. h3 O-O 6. Be3 c5 7. d5 {E71: King's Indian: 4 e4 d6 5 h3.} b5 8. cxb5 a6 9. bxa6 {was the old line (9.a4).} ({Better is} 9. a4 $14) 9... Nbd7 (9... Qa5 $5 {[%cal Rf6e4]}) 10. Nf3 Qa5 {And now ...Nxe4 would win.} 11. Nd2 (11. Bd3 $11) 11... Bxa6 $15 {[#]} 12. Be2 $146 ({Predecessor:} 12. Bxa6 Qxa6 13. Qe2 Qb7 14. Nc4 Rfb8 15. O-O Nb6 16. Nxb6 Qxb6 17. Rab1 Nd7 18. Qc2 {1-0 (37) Elliger,C (2107)-Ruell,M (1830) Bad Homburg 2017}) 12... Bc4 $2 {[%mdl 8192] [#]} 13. Bxc4 Qa6 {[%mdl 32768] Weighted Error Value: White=0.32/Black=1.19. An unexpected result.} (13... Rfb8 $142 14. Bb3 Nh5) 1/2-1/2

[Event "5th Vergani Cup January 2021"]
[Site "Bassano del Grappa"]
[Date "2021.01.06"]
[Round "7.9"]
[White "Brotto, Alessandro"]
[Black "Toniolo, Samuel"]
[Result "1/2-1/2"]
[WhiteElo "1921"]
[BlackElo "1997"]
[Annotator "TA"]
[PlyCount "46"]
[EventDate "2021.01.03"]
[EventType "swiss"]
[EventCountry "ITA"]
[SourceTitle "playchess.com"]
[Source "ChessBase"]
[SourceQuality "1"]

{[%evp 19,46,31,23,29,51,21,41,18,23,16,41,10,41,36,56,51,58,-16,-28,-16,0,0,0,0,8,8,21,19,21]} 1. e4 c5 2. Nf3 d6 3. Bb5+ Bd7 4. Bxd7+ Qxd7 5. O-O Nf6 6. Qe2 Nc6 7. c3 g6 8. d4 cxd4 9. cxd4 Bg7 10. Nc3 O-O 11. d5 {B52: Sicilian: Moscow Variation with 3...Bd7.} Nb8 {[%cal Bc6b8,Bb8a6,Ba6c5,Bc5e6][%mdl 32] [#]} 12. Rb1 $146 ({Predecessor:} 12. Be3 Rc8 13. Bd4 Qd8 14. Qb5 Nbd7 15. Qxb7 Rcb8 16. Qa6 Rxb2 17. Rab1 Rxb1 18. Rxb1 {½-½ (24) Sutovsky,E (2622)-Gabuzyan,H (2593) Tbilisi 2016}) 12... Na6 13. Be3 {White is slightly better.} Rfc8 14. Bd4 Nc5 15. Rfe1 e5 16. dxe6 $1 Nxe6 17. Bxf6 Bxf6 18. Qd2 ({White should play} 18. Nd5 $14 Bg7 19. Rbd1) 18... Bxc3 $11 19. bxc3 Qc7 {The position is equal.} 20. Qd5 Qxc3 21. Rxb7 Qc6 22. h4 Qxd5 23. exd5 Rc7 {Weighted Error Value: White=0.18/Black=0.11} 1/2-1/2

[Event "5th Vergani Cup January 2021"]
[Site "Bassano del Grappa"]
[Date "2021.01.06"]
[Round "7.10"]
[White "Benedetti, Michele"]
[Black "Mora, Lorenzo"]
[Result "1-0"]
[WhiteElo "1895"]
[BlackElo "1927"]
[Annotator "TA"]
[PlyCount "111"]
[EventDate "2021.01.03"]
[EventType "swiss"]
[EventCountry "ITA"]
[SourceTitle "playchess.com"]
[Source "ChessBase"]
[SourceQuality "1"]

{[%evp 14,111,89,91,88,101,111,41,157,108,146,105,120,102,98,82,171,114,125,39,89,42,155,56,69,46,37,31,39,36,64,62,71,68,89,88,173,91,81,82,103,93,204,147,156,36,43,37,37,33,218,216,226,192,185,173,219,225,227,120,118,127,233,232,235,234,220,161,191,120,159,159,250,159,154,161,235,161,329,300,300,300,425,417,547,520,408,0,325,329,538,537,538,523,1718,1683,5517,5218,29981,29982]} 1. d4 Nf6 2. c4 d6 3. Nc3 g6 4. e4 Bg7 5. f3 Nbd7 6. Be3 O-O 7. Qd2 Re8 8. O-O-O e5 {E81: King's Indian: Sämisch: 6th move deviations (including 6 Be3 c6).} 9. d5 Nf8 10. Bh6 {[#]} (10. g4 $16) 10... Bh8 $146 (10... Bxh6 $14 11. Qxh6 N8d7) ({Predecessor:} 10... Bxh6 11. Qxh6 Kh8 12. h4 Ng8 13. Qd2 h6 14. Bd3 Kg7 15. Nge2 Nh7 16. Kb1 Rf8 {1-0 (28) Padevsky,N-Hadri,A Havana 1966}) 11. Nge2 Bd7 12. Ng3 a6 13. h4 b5 14. h5 Qe7 (14... b4 $16) 15. hxg6 (15. a3 $18) 15... fxg6 $16 16. Qg5 (16. a3 $16) 16... Rab8 17. Rd2 Rec8 {[#]} ({Black should try} 17... Bg7 $14) 18. Bd3 ({White should play} 18. Nf5 $1 $16 {[%cal Rf5e7]} Qf7 19. Bd3) 18... Bg7 $14 19. Nd1 Bxh6 20. Qxh6 Qg7 21. Qh4 c6 22. Kb1 $1 bxc4 23. Bxc4 Rb4 24. Ne3 {Strongly threatening dxc6+.} Kh8 (24... cxd5 $16 25. Bxd5+ (25. Bxa6 Rcb8 $17) (25. Nxd5 Nxd5 26. Bxd5+ Kh8 $16) 25... Kh8) 25. dxc6 (25. Bxa6 $18 Ra8 26. Bc4 cxd5 27. Nxd5 (27. Bxd5 Nxd5 28. Nxd5 Rd4 $16) 27... Nxd5 28. Bxd5) 25... Rxc6 $16 26. Bd5 Rc5 {With the idea ...Rd4.} 27. Ne2 Bc6 (27... Qe7 $16) 28. Bxc6 Rxc6 29. Nd5 (29. Rc1 $16 Rxc1+ 30. Nxc1) 29... Nxd5 $14 30. Rxd5 {And now Qd8 would win.} Qb7 31. Rd2 d5 $2 ({Better is} 31... Qc7 $14) 32. Qd8 $18 {[%cal Rd8f8]} Kg7 33. Qxd5 Rb5 34. Qd8 Rcb6 {[%cal Rb5b2]} 35. b3 {aiming for Rc1.} Qf7 36. Nc1 (36. Rc2 $18 {Rc7 is the strong threat.} Rb7 37. Qd2) 36... a5 $16 37. Rhd1 {Black must now prevent Rd7!} Rb7 (37... Ne6 $16 38. Qxb6 Rxb6) 38. Rd5 $18 a4 39. Rxb5 Rxb5 40. Qd3 Rb7 {[#]} 41. Qd5 (41. Qc3 $1 $18) 41... Qxd5 42. Rxd5 $16 {[%mdl 4096] Endgame KRN-KRN} ({Don't play} 42. exd5 Nd7 $16) 42... Kf6 (42... Ne6 $16 43. Rxe5 Kf6) 43. Kb2 Ne6 44. Nd3 axb3 (44... Nf4 $142) 45. axb3 {[%cal Ba2b3,Bb3b4][%mdl 32]} Nd4 $2 (45... Nf4 {was worth a try.}) 46. Nc5 ({Not} 46. Nxe5 Rxb3+ 47. Ka2 Rb4 $16) 46... Rc7 47. b4 Nc6 (47... h5 $142 48. Rd6+ Kf7) 48. Kb3 $18 Nd4+ 49. Kc4 Nc2 {Threatening ...Ne3+.} 50. Kb3 Nd4+ 51. Kc3 Ne2+ $2 (51... Ra7 52. Nd7+ Ke6) 52. Kc4 Nf4 53. Rd2 Ne6 54. Rd6 Kf7 55. Rxe6 Rxc5+ 56. Kxc5 {Weighted Error Value: White=0.34/Black=0.63} 1-0

[Event "5th Vergani Cup January 2021"]
[Site "Bassano del Grappa"]
[Date "2021.01.07"]
[Round "8.1"]
[White "Nguyen, Thai Dai Van"]
[Black "Warmerdam, Max"]
[Result "1/2-1/2"]
[WhiteElo "2571"]
[BlackElo "2506"]
[Annotator "TA"]
[PlyCount "45"]
[EventDate "2021.01.03"]
[EventType "swiss"]
[EventCountry "ITA"]
[SourceTitle "playchess.com"]
[Source "ChessBase"]
[SourceQuality "1"]

{[%evp 19,45,42,74,74,93,80,77,17,17,17,22,19,14,13,18,-4,7,-5,-14,-14,-11,-49,-50,-41,-47,-49,-51,-60]} 1. d4 Nf6 2. c4 g6 3. Nc3 Bg7 4. e4 d6 5. Be2 O-O 6. Nf3 e5 7. O-O exd4 8. Nxd4 Re8 9. f3 c6 10. Kh1 d5 11. cxd5 {11.exd5 is vanishing. E94: King's Indian: Classical: 6 Be2 e5 7 0-0: Various Black 7th moves.} cxd5 12. Bg5 Nc6 $1 {[%mdl 4] [#] outshines the older 12...dxe4.} 13. Nxc6 ({White should play} 13. Bb5 $1 $16 Qd6 14. exd5 Nxd4 15. Qxd4) 13... bxc6 $11 14. exd5 cxd5 15. Bb5 Re6 {[#]} 16. Qd2 $146 ({Predecessor:} 16. Ne2 h6 17. Bh4 Bd7 18. Bd3 Qb6 19. Rb1 d4 20. Bf2 Rd6 21. Bg3 Rd5 22. b4 {0-1 (36) Amartuvshin,G (2350)-Paragua,M (2529) Chess.com INT 2020}) 16... Qb6 {next ...d4 is good for Black.} 17. Bd3 Bd7 (17... Ba6 {is more complex.} 18. Bxf6 Bxf6 19. Bxa6 Bxc3 20. bxc3 Qxa6 21. Qxd5 Rc8) 18. Bxf6 Bxf6 19. Nxd5 Qxb2 20. Qxb2 Bxb2 {Black is slightly better.} 21. Rab1 Rb8 22. Bc4 Kg7 23. Bb3 {White did not feel at home in the position after the opening.  Weighted Error Value: White=0.16/Black=0.05} 1/2-1/2

[Event "5th Vergani Cup January 2021"]
[Site "Bassano del Grappa"]
[Date "2021.01.07"]
[Round "8.2"]
[White "Moroni, Luca Jr"]
[Black "Bellahcene, Bilel"]
[Result "1/2-1/2"]
[WhiteElo "2562"]
[BlackElo "2510"]
[Annotator "TA"]
[PlyCount "59"]
[EventDate "2021.01.03"]
[EventType "swiss"]
[EventCountry "ITA"]
[SourceTitle "playchess.com"]
[Source "ChessBase"]
[SourceQuality "1"]

{[%evp 23,59,17,11,2,5,0,0,0,0,-27,-18,-21,0,0,10,8,18,0,0,0,0,-7,20,-17,0,-68,-71,-79,0,-6,0,0,0,-25,-35,-48,-31,-32]} 1. d4 {Fischer,J} e6 2. Nf3 Nf6 3. c4 Bb4+ 4. Nc3 b6 5. e3 Bb7 6. Bd3 Ne4 7. Qc2 Bxc3+ 8. bxc3 f5 9. O-O O-O 10. Nd2 Qh4 11. f3 Nxd2 12. Bxd2 d6 13. Rae1 {E43: Nimzo-Indian: Rubinstein: 4...b6.} Nd7 14. e4 {[%cal Re4f5]} f4 15. Qa4 {The position is equal.} Qe7 {[#]} 16. e5 $146 ({Predecessor:} 16. g3 g5 17. h4 gxh4 18. gxf4 Kh8 19. Kf2 h3 20. Ke2 Rg8 21. Rh1 Rg3 22. Be3 {0-1 (31) Chatalbashev,B (2516)-Howell,D (2698) Leiden 2015 CBM 167 Extra [Fischer,J]}) 16... dxe5 17. Bc1 Rfd8 18. Qc2 Qh4 19. Be4 Bxe4 20. Qxe4 Qe7 21. Re2 Re8 22. dxe5 Nc5 23. Qc2 Rad8 24. Rd1 (24. Bxf4 $11 Nd3 25. Be3) 24... Rxd1+ $15 25. Qxd1 {[#]} Rd8 ({Black should play} 25... Qg5 $1 $17) 26. Rd2 $11 Rxd2 27. Qxd2 Nd7 28. Qd4 g5 29. h4 {White wants to play hxg5.} h6 30. hxg5 {Weighted Error Value: White=0.16/Black=0.13} 1/2-1/2

[Event "5th Vergani Cup January 2021"]
[Site "Bassano del Grappa"]
[Date "2021.01.07"]
[Round "8.3"]
[White "Bjerre, Jonas Buhl"]
[Black "Niemann, Hans Moke"]
[Result "1/2-1/2"]
[WhiteElo "2551"]
[BlackElo "2472"]
[Annotator "TA"]
[PlyCount "51"]
[EventDate "2021.01.03"]
[EventType "swiss"]
[EventCountry "ITA"]
[SourceTitle "playchess.com"]
[Source "ChessBase"]
[SourceQuality "1"]

{[%evp 18,51,19,16,15,13,34,30,27,-11,61,59,56,41,45,52,97,85,65,56,139,127,116,108,164,84,94,78,79,95,81,0,31,0,79,0]} 1. d4 Nf6 2. c4 e6 3. Nf3 b6 4. g3 Bb7 5. Bg2 Be7 6. O-O O-O 7. Nc3 Ne4 8. Bd2 d6 9. d5 Nxd2 {9...Nxd2 scores better than 9...Nxc3.} 10. Nxd2 e5 {E18: Queen's Indian: Old Main Line (4 g3 Bb7 5 Bg2 Be7 6 0-0 0-0 7 Nc3).} 11. b4 Nd7 12. Nb3 f5 {[#] White has an edge.} 13. c5 $146 ({Predecessor:} 13. a4 Ba6 14. Nb5 Bc8 15. a5 a6 16. Nc3 Rb8 17. b5 Nc5 18. axb6 Rxb6 19. Nxc5 dxc5 {½-½ (33) Fischer,D (2133)-Roeckendorf,P (2044) GER email 2014}) 13... Ba6 ({Reject} 13... dxc5 $6 14. d6 $16) (13... bxc5 $11 14. bxc5 Ba6) 14. c6 $1 $14 {[%cal Rc6d7]} Nf6 15. a4 $36 {[%mdl 2048] White has the initiative.} f4 16. a5 {And now axb6 would win.} bxa5 17. Rxa5 Bc8 18. Qd3 a6 {[#]} (18... Qe8 $14) 19. b5 $1 $16 {[%cal Rb5a6]} fxg3 20. hxg3 ({Don't play} 20. fxg3 Rb8 $14) 20... Qe8 {[#]} (20... Rb8 $16) 21. Ne4 (21. Nd2 $1 $18) 21... Qh5 {Hoping for ...Ng4.} 22. Nxf6+ Rxf6 23. Bf3 Qh3 {Strongly threatening ...Rh6.} 24. Bg2 Qh5 {...Rh6 is the strong threat.} 25. Bf3 (25. Rxa6 $5 Bxa6 26. bxa6 $11) 25... Qh3 {aiming for ...Rh6.} 26. Bg2 {Weighted Error Value: White=0.15/Black=0.19} (26. Rfa1 $16) 1/2-1/2